000 00371nam a22001697a 4500
005 20160627114334.0
008 160627b xxu||||| |||| 00| 0 eng d
020 _a978-0-525-95020-2
041 _aeng
082 _b10450
100 _aRai Vinay
_92116
245 _aThink India
260 _bDutton
_c2007
300 _a254
650 _aManagement
_9241
942 _cBK
999 _c4222
_d4221